000 00690nam a2200181 i 4500
001 81285
003 ES-MaACL
005 20250928094359.0
007 t|
008 041103s1941 sp ||||1| spa d
100 1 _aHuepke, W.
_964541
245 1 4 _aLas heces del hombre
_b: diagnóstico funcional de las enfermedades del intestino : fisiología y fisiopatología de los procesos digestivos /
_cpor W. Huepke ; traducido del alemán por Jimena de la Vega.
260 _aMadrid :
_bEspasa-Calpe,
_c1941.
300 _a152 p., lam. I-IV :
_bil. ;
_c22 cm.
700 1 _aFernández de la Vega, Jimena,
_d1895-1984
_9113631
852 _aES-MaACL
_jB-10370
_bR.22087
999 _c81285
_d81285